000 01234nam a2200241Ia 4500
999 _c49586
_d49586
001 16518
003 GE_BSU
005 20250122173307.0
008 181216s1981||||ge |||||||||||||| ||geo||
040 _cGE_BSU
041 _ageo
080 _a821.353.1-1 მ-91
100 _aლებანიძე, მ. (მურმან, 1922-2002)
_924090
245 _aლიხს იქით და ლიხს აქეთ საქართველო გიყვარდეთ :
_bლექსები უმცროსკლასელთათვის /
_cმურმან ლებანიძე ; მხატვარი : თ. მირზაშვილი ; რედ. : ჯ. ბაჯელიძე.
250 _aმე-2 გამოცემა
264 _aთბილისი
_bნაკადული,
_c1981.
300 _a239 გვ. :
_b ილ. ;
_c21 სმ
541 _h5ლ.
653 _aლიხს იქით და ლიხს აქეთ საქართველო გიყვარდეთ
700 _aმირზაშვილი, თ.
_eმხატვარი
_923338
700 _aბაჯელიძე, ჯ.
_eრედაქტორი
_93694
942 _cBK
_2udc